000 00489nam a2200193Ia 4500
003 GCL
008 140319s9999 xx 000 0 eng d
040 _aGCL /
_cGCL
082 0 4 _a370.156
_bK D
100 1 _aKITCHENS, ANITA
245 1 0 _aDEFEALING MATH ANXIETY /
_cKITCHENS, ANITA
260 _a[S.N] :
_bIRWIN ،
_c1995
300 _a188
650 0 4 _aSTUDY AND TEACHING
650 0 4 _aMATHEMATICS
650 0 4 _aSELF - HELP TECHNIQUES
650 0 4 _aMATH ANXIETY
942 _2ddc
_cBK
999 _c10739
_d10739